00568nam a2200205 a 4500001001300000003000900013005001700022008004100039020001000080082002100090100001700111245007600128260004400204300000900248500003500257505001300292650001800305650002200323700001700345nice12345678IN_TiNIC20260116011330.0050524s1944 laha grp 000 0 eng  ac10000a324.2054082bHAM aHamid, Abdul aThirty First Session of the All India Muslim Leagueb Karachi Dec. 1943 aLahorebEastern Times Book Depot,c1944 a212p aincludes index and biblioraphy2 aAppendix aMuslim League aPakistan-Movement1 aHamid, Abdul